Josef Škorpil (1856-1931)
| Titel: | Josef Škorpil (1856-1931) : příběh plzeňského muzejníka a jedné muzejní sbírky = Josef Škorpil (1856-1931) : the story of a Pilsen museum, founder and his collection / Lenka Merglová Pánková |
|---|---|
| Verfasser: | |
| Ausgabe: | Vydání první |
| Veröffentlicht: | [Plzeň] : Západočeské muzeum v Plzni, 2022 |
| Umfang: | 283 Seiten : Porträts, Pläne ; 27 cm |
| Format: | Buch |
| Sprache: | Tschechisch |
| ISBN: | 9788072472031 |
| Hinweise zum Inhalt: |
Inhaltsverzeichnis
Buch Bibliographie Cover |
alg: 51919156 001A $03004:17-06-24 001B $01999:04-12-25 $t22:14:42.000 001D $03004:17-06-24 001U $0utf8 001X $00 002@ $0Aau 002C $aText $btxt $2rdacontent 002C $aunbewegtes Bild $bsti $2rdacontent 002D $aohne Hilfsmittel zu benutzen $bn $2rdamedia 002E $aBand $bnc $2rdacarrier 003@ $0519191560 004A $A978-80-7247-203-1 006C $01409119901 $aOCoLC 007A $0BV049385497 $aBVB 007G $0DE020861E097A352BCE2EC1258B4300293977 009P $qapplication/pdf $A2 $3Inhaltsverzeichnis $uhttp://scans.hebis.de/HEBCGI/show.pl?51919156_toc.pdf $mV:DE-603;B:DE-Mb50 009P $qapplication/pdf $A2 $3Buch Bibliographie $uhttp://scans.hebis.de/HEBCGI/show.pl?51919156_bib.pdf $mV:DE-603;B:DE-Mb50 009P $qapplication/pdf $A2 $3Cover $uhttp://scans.hebis.de/HEBCGI/show.pl?51919156_cov.pdf $mV:DE-603;B:DE-Mb50 010@ $acze 010E $erda 011@ $a2022 $n2022 013D $RBuch $RBildliche Darstellung $#Bildband $#Abbildungen Formschlagwort $#Ansichtspostkarte Formschlagwort $#Bildatlas $#Bilddokumente $#Bilder Formschlagwort $#Bildmaterial Formschlagwort $#Ansichten Formschlagwort $#Bildsammlung $#Abbildungswerk $#Illustrationswerk $#Photographien-Bildband $#Fotographien-Bildband $#Bildbände $74145395-5 $8Bildband [Tsz] $9085578738 021A $aJosef Škorpil (1856-1931) $dpříběh plzeňského muzejníka a jedné muzejní sbírky $fJosef Škorpil (1856-1931) $fthe story of a Pilsen museum, founder and his collection $hLenka Merglová Pánková 028A $BVerfasser $#Merglová-Pánková, Lenka $#Pánková, Lenka Merglová $#Pánková, Lenka $4aut $71082117714 $8Merglová Pánková, Lenka$Z1962- [Tp3] $9369550587 032@ $aVydání první 033A $p[Plzeň] $nZápadočeské muzeum v Plzni 033S $#Pilsen $#Plzeň $#Pilzeň $4pup $74076145-9 $8Pilsen [Tg1] $9085215899 034D $a283 Seiten 034I $a27 cm 034M $aPorträts, Pläne 037A $aLiteraturverzeichnis Seite 277-283 044K $qBVB $71034795384 $8Škorpil, Josef$Z1856-1931 [Tp1] $9321535464 044K $qBVB $#Pilsen $#Plzeň $#Pilzeň $74076145-9 $8Pilsen [Tg1] $9085215899 044K $qBVB $#Westböhmisches Städtisches Kunstgewerbemuseum Kaiser und König Franz Josef I. in Pilsen $#Westböhmisches Kunstgewerbemuseum des Kaisers u. Königs Franz Josef I. in Pilsen $#Städt. Kunstgewerbemuseum Kaiser und König Franz Josef I. in Pilsen $#Städtisches Kunstgewerbemuseum Kaiser und König Franz Josef I. in Pilsen $#Kunstgewerbemuseum Kaiser und König Franz Josef I. in Pilsen $#Kunstgewerbemuseum des Kaisers u. Königs Franz Josef I. in Pilsen $#Kunstgewerbemuseum in Pilsen $#Städt. Gewerbemuseum für den Westlichen Teil des Königreiches Böhmen in Pilsen $#Städtisches Gewerbemuseum für den Westlichen Teil des Königreiches Böhmen in Pilsen $#Gewerbemuseum für den Westlichen Teil des Königreiches Böhmen in Pilsen $#Městské, uměleckoprůmyslové museum pro zapadni častʹ Kralovství Českého v Plzni $#Západočeské, městské, uměleckoprůmyslové museum císaře a krále Františka Josefa I. v Plzni $#Západočeské uměleckoprůmyslové museum císaře a krále Františka Josefa I. $#Západočeské uměleckoprůmyslové museum císaře a krále Frant.-Josefa I. v Plzni $#Západočeské, městské, uměleckoprůmyslové muzeum císaře a krále Františka Josefa I. v Plzni $75178644-8 $8Westböhmisches Städt. Kunstgewerbemuseum Kaiser und König Franz Josef I. in Pilsen [Tb1] $9050198939 044K $qBVB $RTöpfern $RTöpferei $#Pottery $#Céramique $#Ceramiche $#Cerámica $#ceramics $#Ceramics $#Keramik $74030270-2 $8Keramik [Ts1] $9085080209 045F $a709.43710904 $eDDC22BSB 045F/01 $a709 045F/03 $f0904 045F/03 $f09034 045F/03 $g4371 046L $aZusammenfassung in englischer Sprache lok: 51919156 24 exp: 51919156 24 1 #EPN 201B/01 $017-06-24 $t14:13:10.000 201C/01 $017-06-24 201U/01 $0utf8 203@/01 $01265571015 208@/01 $a17-06-24 $bz 209A/01 $a24.03156 $du $f050 $h24 03156 $x00 209C/01 $a24.03156 T $h24 03156 T 209G/01 $a74786111 $x00 220C/01 $akon 244Z/01 $71034795384 $8--Tp1--Škorpil, Josef$Z1856-1931 $x01 $9321535464 247C/01 $8358050-7Marburg, Bibliothek des Herder-Instituts Marburg $9102600961 lok: 51919156 78 exp: 51919156 78 1 #EPN 201B/01 $018-09-25 $t10:42:48.000 201C/01 $018-09-25 201U/01 $0utf8 203@/01 $01318208009 208@/01 $a18-09-25 $be 209A/01 $a/ $f000 $x00 209A/01 $ab*p $x01 220C/01 $apgar 244Z/01 $#Böhmische Kronländer $#Länder der Böhmischen Krone $#Sudetenland $#Böhmen $#Mähren $#Mährisch-Schlesien $#Österreichisch-Schlesien $#Tschechische Sozialistische Republik Böhmische Länder $#Tschechei Böhmische Länder $#Země koruny české $74069573-6 $8--Tg1--Böhmische Länder $x03 $9085195553 247C/01 $82080>Marburg/Lahn, Herder-Institut, Forschungsbibliothek, Bibliographieportal $9336309341
| LEADER | 00000cam a2200000 c 4500 | ||
|---|---|---|---|
| 001 | 519191560 | ||
| 003 | DE-603 | ||
| 005 | 20251204221442.0 | ||
| 007 | tu | ||
| 008 | 240617s2022 xx |||| | u00||u|cze c | ||
| 020 | |a 9788072472031 | ||
| 035 | |a (DE-599)BVBBV049385497 | ||
| 040 | |a DE-603 |b ger |c DE-603 |d DE-603 |e rda | ||
| 041 | |a cze | ||
| 082 | 0 | 4 | |8 1\u |a 709.43710904 |q DE-101 |2 22/BSB |
| 085 | |8 1\u |b 709 | ||
| 085 | |8 1\u |z 1 |s 0904 | ||
| 085 | |8 1\u |z 1 |s 09034 | ||
| 085 | |8 1\u |z 2 |s 4371 | ||
| 100 | 1 | |a Merglová Pánková, Lenka |d 1962- |e Verfasser |4 aut |0 (DE-603)369550587 |0 (DE-588)1082117714 |2 gnd | |
| 245 | 0 | 0 | |a Josef Škorpil (1856-1931) |b příběh plzeňského muzejníka a jedné muzejní sbírky = Josef Škorpil (1856-1931) : the story of a Pilsen museum, founder and his collection |c Lenka Merglová Pánková |
| 250 | |a Vydání první | ||
| 264 | 1 | |a [Plzeň] |b Západočeské muzeum v Plzni |c 2022 | |
| 300 | |a 283 Seiten |b Porträts, Pläne |c 27 cm | ||
| 336 | |a Text |b txt |2 rdacontent | ||
| 336 | |a unbewegtes Bild |b sti |2 rdacontent | ||
| 337 | |a ohne Hilfsmittel zu benutzen |b n |2 rdamedia | ||
| 338 | |a Band |b nc |2 rdacarrier | ||
| 500 | |a Literaturverzeichnis Seite 277-283 | ||
| 546 | |a Zusammenfassung in englischer Sprache | ||
| 600 | 1 | 7 | |a Škorpil, Josef |d 1856-1931 |0 (DE-588)1034795384 |0 (DE-603)321535464 |2 gnd |
| 610 | 1 | 7 | |a Westböhmisches Städt. Kunstgewerbemuseum Kaiser und König Franz Josef I. in Pilsen |2 gnd |0 (DE-588)5178644-8 |0 (DE-603)050198939 |
| 650 | 7 | |a Keramik |0 (DE-588)4030270-2 |0 (DE-603)085080209 |2 gnd | |
| 651 | 7 | |a Pilsen |0 (DE-588)4076145-9 |0 (DE-603)085215899 |2 gnd | |
| 655 | 7 | |a Bildband |2 gnd-content |0 (DE-588)4145395-5 |0 (DE-603)085578738 | |
| 751 | |a Pilsen |2 gnd |4 pup |0 (DE-603)085215899 |0 (DE-588)4076145-9 |2 gnd | ||
| 856 | 4 | 2 | |m V:DE-603;B:DE-Mb50 |q application/pdf |u http://scans.hebis.de/HEBCGI/show.pl?51919156_toc.pdf |3 Inhaltsverzeichnis |
| 856 | 4 | 2 | |m V:DE-603;B:DE-Mb50 |q application/pdf |u http://scans.hebis.de/HEBCGI/show.pl?51919156_bib.pdf |3 Buch Bibliographie |
| 856 | 4 | 2 | |m V:DE-603;B:DE-Mb50 |q application/pdf |u http://scans.hebis.de/HEBCGI/show.pl?51919156_cov.pdf |3 Cover |
| 924 | 0 | |9 Mb 50 |a (DE-603)1265571015 |b DE-Mb50 |c HES |d c |g 24.03156 | |
| 924 | 0 | |9 2080 |a (DE-603)1318208009 |b DE-2080 |c HES |d d |g / | |


